000 00230 a2200097 4500
001 44562
100 _aGraham
245 _aAudels New Electric Library (Vol-XII)
260 _aNew York
_bTheo Audel & Co.
_c
090 _c28288
_d28288
942 _aNUST-CAE
_cM
_c20322
999 _c279635
_d279635